000 00433nam a22001697a 4500
003 NUST - PNEC
005 20170116181121.0
008 151005b xxu||||| |||| 00| 0 eng d
040 _cLIBRARY
082 _a510.2462 CHA
100 _913505
_aChapman, W. A. J.
245 _aApplied Workshop calculations
_cW. A. J. Chapman
250 _a-
260 _c-
650 _913506
_aMachine-shop practice
_xME, IME
942 _2ddc
_cBK
999 _c69561
_d69561